Statistics for Longest River in Each State

Click here to take the quiz!

General Stats

  • This quiz has been taken 54 times
    (45 since last reset)
  • The average score is 14 of 50

Answer Stats

State River % Correct
MississippiMississippi
74%
MinnesotaMississippi
70%
MissouriMissouri
70%
ArizonaColorado
65%
ArkansasMississippi
65%
LouisianaMississippi
57%
IllinoisMississippi
57%
NebraskaMissouri
52%
KansasMissouri
52%
IowaMissouri
52%
KentuckyMississippi
43%
IdahoSnake
43%
AlaskaYukon
39%
IndianaOhio
39%
DelawareDelaware
35%
NevadaColorado
35%
OhioOhio
30%
ConnecticutConnecticut
30%
ColoradoRio Grande
30%
CaliforniaSacramento
30%
MontanaMissouri
30%
New JerseyHudson
26%
OregonColumbia
26%
AlabamaTennessee
26%
MassachusettsConnecticut
26%
PennsylvaniaOhio
22%
New YorkSt. Lawrence
22%
TennesseeMississippi
22%
New HampshireConnecticut
17%
New MexicoRio Grande
17%
North DakotaMissouri
17%
UtahColorado
17%
OklahomaArkansas
17%
TexasRio Grande
17%
South DakotaMissouri
13%
WisconsinMississippi
13%
MaineSt. John
13%
GeorgiaChattahoochee
13%
West VirginiaOhio
9%
WashingtonColumbia
9%
MichiganGrand
9%
HawaiiWailuku
9%
FloridaChattahoochee
9%
Rhode IslandBlackstone
4%
VermontConnecticut
4%
North CarolinaRoanoke
4%
MarylandSusquehana
4%
WyomingSnake
4%
South CarolinaSavannah
0%
VirginiaRoanoke
0%

Score Distribution

Percentile by Number Answered

Percent of People with Each Score

Your Score History

You have not taken this quiz since the last reset